| 000 | 01116nam0a22002291 4500 | ||
|---|---|---|---|
| 001 | rc\942130 | ||
| 005 | 20260407130947.0 | ||
| 035 | _a(NLR Aleph) 006114531 | ||
| 090 |
_a5394997 _c5394997 |
||
| 100 | _a20041129d1982 |||y0rusy50 ca | ||
| 101 | 0 | _arus | |
| 102 | _aRU | ||
| 105 | _ay ||||||||| | ||
| 200 | 1 |
_aИнструкция по применению добавок в цементных растворах при возведении жилых и общественных зданий в зимних и летних условиях _eВСН-159-81 _e[Утв. Техн. упр. Главмосстроя при Мосгорисполкоме 26.10.81 _eСрок введ. 26.12.81] |
|
| 210 |
_aМ. _cМосоргстрой _d1982 |
||
| 215 |
_a20 с. _d20 |
||
| 712 | 0 | 2 |
_aМосковское главное управление по жилищному и гражданскому строительству _bТехническое управление _3RU\NLR\AUTH\889980105 _9456499 |
| 801 | 0 |
_aRU _bNLR _gpsbo |
|
| 801 | 1 |
_aRU _bELAR _2rusmarc |
|
| 852 |
_aNLR _bПт _j80/117-159-81 |
||
| 942 | _cBOOK | ||
| 980 | _aNB | ||